TNA World Heavyweight Champions - Statistics

General Stats
  • This quiz has been taken 1,906 times
    131 since last reset
  • The average score is 27 of 39
Answer Stats
Reigns Last Won Champion % Correct
2 2013 AJ Styles
96%
1 2008 Samoa Joe
94%
6 2015 Kurt Angle
93%
4 2011 Sting
91%
1 2025 Joe Hendry
89%
3 2012 Jeff Hardy
88%
2 2016 Matt Hardy
86%
2 2014 Bobby Roode
82%
1 2024 Nic Nemeth
80%
1 2025 Trick Williams
80%
2 2013 Bully Ray
79%
2 2024 Moose
78%
2 2026 Mike Santana
76%
4 2017 Bobby Lashley
75%
1 2021 Christian Cage
75%
1 2025 Frankie Kazarian
75%
1 2011 James Storm
74%
1 2013 Chris Sabin
73%
1 2010 Rob Van Dam
66%
3 2018 Austin Aries
65%
2 2016 Ethan Carter III
65%
1 2009 Mick Foley
65%
2 2011 Mr. Anderson
65%
1 2023 Alex Shelley
64%
1 2016 Drew Galloway
62%
2 2020 Eric Young
62%
1 2021 Kenny Omega
62%
1 2013 Magnus
55%
1 2020 Tessa Blanchard
55%
1 2019 Brian Cage
54%
2 2020 Eddie Edwards
53%
1 2018 Johnny Impact
53%
2 2022 Josh Alexander
52%
1 2017 Eli Drake
51%
1 2020 Rich Swann
51%
1 2019 Sami Callihan
49%
1 2017 Alberto El Patron
47%
1 2018 Pentagon Jr.
46%
1 2023 Steve Maclin
42%
No matching quizzes found
Score Distribution
Percent of People with Each Score
Percentile by Number Answered
Your Score History
You have not taken this quiz since the last reset